00944njm a2200253Ia 450000100060000000300090000600500170001500800410003204000130007304000130008604100130009910000270011210000180013910000380015724500120019525000110020726000110021826000630022930000170029250000210030950502210033065000590055170000800061020685IT-RoPAU20220918181149.0131025s9999 xx 000 0 und d aIT-RoPAU cIT-RoPAU aITALIANO aGuarnaschelli Maurizio eAutore musica gCodice autore musica SPICS: 10937 aOrigini a1a ed. aMILANO bRUSTY RECORDSc1982 [1a Ed.:1982 - Ed. Lingua Orig.: 1982] aMUSICASSETTA aCanzone italiana aDentro e fuori - Figlio di niente - Io... qualcuno... ancora - Metropolitana - Liberate Tizio - Gioia di vivere - Tempi lontani - Amico mio, non sai - Dammi una speranza - Non è facile - Origine - Io e te; una vita aCANZONE ITALIAN [CASSETTE]eCodice MATERIA SPICS: 9951 aPiva FrancoeAutore testo e musicagCodice autore testo/musica SPICS: 33165